Ford Cars In Britain - Statistics

General Stats
  • This quiz has been taken 447 times
  • The average score is 16 of 45
Answer Stats
Hint Answer % Correct
1976-present Fiesta
92%
Present Focus
89%
1968-2000 Escort
80%
1913-1927 T
79%
Present Mondeo
75%
Present Ka
65%
1928-1931 A
61%
Present Mustang
58%
1962-1982 Cortina
57%
1982-1993 Sierra
57%
1969-1986 Capri
56%
Present Kuga
55%
1932-1935 B
49%
1972-1994 Granada
47%
1997-2002 Puma
47%
Present C Max
44%
Present Galaxy
44%
1939-1967 Anglia
40%
2005 GT
39%
Present Ranger
38%
Present S Max
36%
2002-2012 Fusion
35%
1998-2002 Cougar
34%
Present B Max
28%
Present Edge
28%
Present Ecosport
27%
1997-2001 Explorer
27%
1951-1972 Zephyr
26%
1994-1997 Probe
22%
1950-1962 Consul
21%
1954-1972 Zodiac
21%
1953-1962 Popular
19%
1963-1970 Corsair
17%
2001-2003 Maverick
16%
1984-1986 RS200
16%
Present Tourneo
16%
1939-1961 Prefect
15%
1932-1939 V8
7%
1961-1964 Consul Capri
6%
1937-138 7W
4%
1932-1937 7Y
4%
1961-1963 Consul Classic
4%
1934-1937 C Ten
4%
1955-1961 Squire
4%
1947-1951 V8 Pilot
3%
No matching quizzes found
Score Distribution
Percent of People with Each Score
Percentile by Number Answered
Your Score History
You have not taken this quiz